[Event "Malaga op-13"]
[Site "Malaga"]
[Date "2010.02.21"]
[Round "2.25"]
[White "Jimenez Martinez, Jose Vicente"]
[Black "Garcia Roman, Jose Luis"]
[Result "1-0"]
[WhiteElo "2241"]
[BlackElo "2003"]
[PlyCount "127"]
[EventDate "2010.02.20"]

1. d4 d5 2. c4 e6 3. Nf3 c6 4. Nc3 f5 5. g3 Nf6 6. Bg2 Bd6 7. O-O O-O 8. Qc2
Qe7 9. a3 Nbd7 10. b3 Ne4 11. Bb2 Ndf6 12. c5 Bc7 13. b4 Bd7 14. Ne5 Be8 15.
Nd1 Nd7 16. f3 Ng5 17. e3 Bg6 18. Qd2 Nxe5 19. dxe5 Bh5 20. Bd4 Nf7 21. Qc3 g5
22. f4 Bxd1 23. Raxd1 h5 24. Kf2 Kg7 25. a4 Kg6 26. Qc2 a6 27. Rh1 Nh6 28. Bf3
g4 29. Be2 h4 30. h3 Kg7 31. hxg4 hxg3+ 32. Kxg3 Rh8 33. g5 Nf7 34. Bf3 Rag8
35. Qg2 Kf8 36. Rxh8 Rxh8 37. Rh1 Bd8 38. Rxh8+ Nxh8 39. Qh1 Qg7 40. Be2 Nf7
41. Kf2 Kg8 42. b5 axb5 43. axb5 Be7 44. Qh5 Qh7 45. bxc6 Qxh5 46. Bxh5 bxc6
47. Bxf7+ Kxf7 48. Ke2 Ke8 49. Kd3 Bd8 50. Bc3 Kf7 51. Kc2 Kg6 52. Kb3 Kh5 53.
Ka4 Kg4 54. Ba5 Be7 55. Kb4 Kh5 56. Bc7 Kg6 57. Bb6 Kh5 58. Ka5 Bxg5 59. fxg5
Kxg5 60. Ka6 f4 61. exf4+ Kxf4 62. Kb7 d4 63. Kxc6 d3 64. Ba5 1-0

[Event "Malaga op-13"]
[Site "Malaga"]
[Date "2010.02.21"]
[Round "2.26"]
[White "Lopez Guerrero, Jose Miguel"]
[Black "Ruiz Gutierrez, Manuel"]
[Result "1/2-1/2"]
[WhiteElo "2001"]
[BlackElo "2226"]
[PlyCount "82"]
[EventDate "2010.02.20"]

1. c4 e5 2. Nc3 Nf6 3. Nf3 Nc6 4. g3 d5 5. cxd5 Nxd5 6. Bg2 Nb6 7. O-O Be7 8.
a4 a5 9. d3 O-O 10. Be3 Be6 11. Nb5 Nd5 12. Bd2 f6 13. Rc1 Qd7 14. Ne1 Rac8 15.
Nc2 Rfd8 16. Nca3 Bb4 17. Nc4 Kh8 18. Qe1 Ra8 19. Qd1 b6 20. Qc2 Bc5 21. Ne3
Ncb4 22. Qb1 c6 23. Nc3 Nxe3 24. Bxe3 Bxe3 25. fxe3 Bh3 26. Bxh3 Qxh3 27. Na2
Nd5 28. Rxc6 Nxe3 29. Rf2 e4 30. Nc3 exd3 31. exd3 Ng4 32. Re2 Nxh2 33. Rxh2
Qxg3+ 34. Rg2 Qe3+ 35. Kh1 Qh3+ 36. Kg1 Qe3+ 37. Kh1 Qh3+ 38. Kg1 Rxd3 39. Qf1
Qe3+ 40. Qf2 Qc1+ 41. Qf1 Qe3+ 1/2-1/2

[Event "Malaga op-13"]
[Site "Malaga"]
[Date "2010.02.21"]
[Round "2.29"]
[White "Martin Carmona, Gaston"]
[Black "Fenollar Jorda, Manuel"]
[Result "0-1"]
[WhiteElo "1887"]
[BlackElo "2328"]
[PlyCount "69"]
[EventDate "2010.02.20"]

1. e4 e5 2. Nf3 Nc6 3. Bc4 Bc5 4. c3 Nf6 5. d4 exd4 6. cxd4 Bb4+ 7. Bd2 Bxd2+
8. Nbxd2 d5 9. exd5 Nxd5 10. O-O O-O 11. Re1 Nb6 12. Re4 Re8 13. Qe2 Bf5 14.
Rxe8+ Qxe8 15. Qe3 Qd7 16. Re1 h6 17. Ne5 Nxe5 18. Qxe5 Rd8 19. b3 Nxc4 20.
Nxc4 Be6 21. Re4 Bd5 22. Rf4 Re8 23. h3 Rxe5 24. Nxe5 Qb5 25. Kh2 Qf1 26. Rg4
Qxf2 27. Nd3 Qxa2 28. Rg3 Qxb3 29. Nc5 Qb2 30. Rg4 h5 31. Rg3 Qxd4 32. Nb3 Bxb3
33. Rxb3 Qd6+ 34. g3 Qd2+ 35. Kg1 0-1

[Event "Malaga op-13"]
[Site "Malaga"]
[Date "2010.02.21"]
[Round "2.32"]
[White "Yanez Acin, Gonzalo"]
[Black "Brown, David"]
[Result "1/2-1/2"]
[WhiteElo "1910"]
[BlackElo "1918"]
[PlyCount "42"]
[EventDate "2010.02.20"]

1. e4 e5 2. Nf3 Nc6 3. Bc4 Bc5 4. c3 Nf6 5. d3 Bb6 6. O-O d6 7. Be3 O-O 8. Nbd2
h6 9. a4 d5 10. exd5 Nxd5 11. Bxb6 Nxb6 12. Qe2 Nxc4 13. Nxc4 Re8 14. Ne3 Be6
15. b4 Qf6 16. Nd2 Qg6 17. b5 Nd4 18. cxd4 exd4 19. Nc2 Bd5 20. Ne4 f5 21. f3
Rad8 1/2-1/2

[Event "Malaga op-13"]
[Site "Malaga"]
[Date "2010.02.21"]
[Round "2.33"]
[White "Fernandez Garcia, Jose Miguel"]
[Black "Rodriguez Fenoy, Inmaculada"]
[Result "1-0"]
[WhiteElo "2225"]
[BlackElo "1688"]
[PlyCount "33"]
[EventDate "2010.02.20"]

1. e4 e6 2. d3 d5 3. Nd2 Nf6 4. Ngf3 Be7 5. g3 O-O 6. Bg2 Nc6 7. O-O e5 8. c3
dxe4 9. dxe4 Bg4 10. h3 Be6 11. Qe2 Qd7 12. Kh2 Bc5 13. b4 Bd6 14. Nc4 Rad8 15.
Bg5 Qe7 16. Nh4 Ng4+ 17. Qxg4 1-0

[Event "Malaga op-13"]
[Site "Malaga"]
[Date "2010.02.21"]
[Round "2.34"]
[White "Ladron De Guevara Bravo, Fermin"]
[Black "Picasso Gallego, Nicolas"]
[Result "1-0"]
[WhiteElo "1696"]
[BlackElo "1974"]
[PlyCount "53"]
[EventDate "2010.02.20"]

1. e4 g6 2. d4 d6 3. Nc3 Nf6 4. f4 Bg7 5. Nf3 O-O 6. e5 dxe5 7. fxe5 Nd5 8.
Nxd5 Qxd5 9. Be3 Bf5 10. Be2 Nc6 11. a3 Qe4 12. Qd3 Qg4 13. Qd2 Be4 14. Ng5
Qxg2 15. Rg1 Qxh2 16. Nxe4 Rad8 17. O-O-O Nxe5 18. Rh1 Qg2 19. Bd3 Qxd2+ 20.
Rxd2 Nf3 21. Rf2 Nxd4 22. Bh6 Rd5 23. Rfh2 Be5 24. Bxf8 Bxh2 25. Bxe7 Bf4+ 26.
Kd1 Re5 27. Nf6+ 1-0

[Event "Malaga op-13"]
[Site "Malaga"]
[Date "2010.02.21"]
[Round "2.35"]
[White "Moreno Alberti, Manuel Maria"]
[Black "Canamero Corredera, Jose Antoni"]
[Result "1-0"]
[WhiteElo "1971"]
[BlackElo "1662"]
[PlyCount "69"]
[EventDate "2010.02.20"]

1. e4 c5 2. Nf3 Nc6 3. d4 cxd4 4. Nxd4 g6 5. c4 Bg7 6. Be3 d6 7. Nc3 Nxd4 8.
Bxd4 Nf6 9. Be2 O-O 10. O-O Be6 11. Qd2 a6 12. f4 Qc7 13. b3 Rfd8 14. Rac1 Bg4
15. Bxg4 Nxg4 16. Nd5 Bxd4+ 17. Qxd4 Qc5 18. Nxe7+ Kf8 19. Qxc5 dxc5 20. Nd5
Rac8 21. a4 Nh6 22. a5 f5 23. e5 Rc6 24. Rcd1 Nf7 25. Nf6 Rcc8 26. Nxh7+ Ke7
27. Rd5 Rxd5 28. cxd5 Nd8 29. Rc1 Kf7 30. Kf2 b6 31. axb6 Nb7 32. Nf6 Na5 33.
Ra1 Nxb3 34. Rxa6 Rb8 35. Ra7+ 1-0

[Event "Malaga op-13"]
[Site "Malaga"]
[Date "2010.02.21"]
[Round "2.36"]
[White "Perez Guerra, Alberto"]
[Black "Borrego Gil, Diego"]
[Result "0-1"]
[WhiteElo "1670"]
[BlackElo "1966"]
[PlyCount "39"]
[EventDate "2010.02.20"]

1. e4 c5 2. Nf3 Nc6 3. d4 cxd4 4. Nxd4 Nf6 5. Nc3 e6 6. Be3 Bb4 7. f3 d5 8.
Nxc6 bxc6 9. e5 Nd7 10. f4 c5 11. Bd2 Bb7 12. Nb5 Bxd2+ 13. Qxd2 O-O 14. Nd6
Bc6 15. Be2 f6 16. Qe3 fxe5 17. fxe5 Qh4+ 18. g3 Qb4+ 19. Qd2 Qxb2 20. Rc1 0-1

[Event "Malaga op-13"]
[Site "Malaga"]
[Date "2010.02.21"]
[Round "2.37"]
[White "Molina Mataran, Manuel"]
[Black "Girela Sarrion, Manuel"]
[Result "1/2-1/2"]
[WhiteElo "1962"]
[BlackElo "1571"]
[PlyCount "88"]
[EventDate "2010.02.20"]

1. e4 c5 2. c3 d5 3. exd5 Qxd5 4. d4 cxd4 5. cxd4 Nc6 6. Nf3 Bg4 7. Be2 e6 8.
O-O Nf6 9. Nc3 Qd8 10. Bg5 Be7 11. Qa4 O-O 12. Rad1 Nd5 13. Bxe7 Ncxe7 14. h3
Bh5 15. Ne4 Nf4 16. Qc2 Ned5 17. Ng3 Bg6 18. Qd2 h5 19. Ne5 Qg5 20. Bf3 h4 21.
Nxg6 fxg6 22. Bg4 hxg3 23. fxg3 Nxh3+ 24. gxh3 Rxf1+ 25. Kxf1 Qxd2 26. Rxd2
Ne3+ 27. Kf2 Nxg4+ 28. hxg4 Kf7 29. Rc2 Re8 30. g5 Re7 31. Ke3 Ke8 32. Ke4 Rf7
33. Ke5 Kd7 34. g4 Rf1 35. b4 Re1+ 36. Kf4 Kd6 37. Rc5 b6 38. Rc8 Rf1+ 39. Ke4
Re1+ 40. Kd3 Rd1+ 41. Ke3 Re1+ 42. Kf3 Rf1+ 43. Ke3 Re1+ 44. Kd3 Rd1+ 1/2-1/2

[Event "Malaga op-13"]
[Site "Malaga"]
[Date "2010.02.21"]
[Round "2.38"]
[White "Zinoun, Said"]
[Black "Navia Martin, Sergio"]
[Result "0-1"]
[WhiteElo "1627"]
[BlackElo "1956"]
[PlyCount "64"]
[EventDate "2010.02.20"]

1. e4 c5 2. Nc3 d6 3. d3 g6 4. g3 Bg7 5. Bg2 e6 6. Nge2 Ne7 7. O-O Nbc6 8. h3
O-O 9. g4 f5 10. Bf4 e5 11. Bg5 fxg4 12. hxg4 Bxg4 13. f3 Be6 14. Qd2 Qd7 15.
Bh6 Bh3 16. Bxg7 Kxg7 17. Qg5 h6 18. Qh4 Bxg2 19. Kxg2 g5 20. Qh5 Rf6 21. Ng3
Ng6 22. Nd5 Nh4+ 23. Kh2 Rg6 24. Ne3 Ne7 25. Rf2 Rf8 26. Raf1 Rf4 27. Ng4 Ng8
28. Nf5+ Nxf5 29. exf5 Qxf5 30. Kg2 Nf6 31. Nxf6 Qxf6 32. Qh3 g4 0-1

[Event "Malaga op-13"]
[Site "Malaga"]
[Date "2010.02.21"]
[Round "2.39"]
[White "Jurado Vazquez, Jose Carlos"]
[Black "Anillo Fernandez, Isabel Maria"]
[Result "1-0"]
[WhiteElo "1956"]
[BlackElo "1453"]
[PlyCount "55"]
[EventDate "2010.02.20"]

1. c4 e5 2. g3 Bc5 3. Nc3 Nf6 4. Bg2 O-O 5. d3 c6 6. Nf3 Re8 7. Nxe5 Bxf2+ 8.
Kxf2 Rxe5 9. e4 d6 10. Rf1 Bg4 11. Qc2 Bh5 12. h3 Re6 13. Kg1 h6 14. Kh2 Nbd7
15. g4 Bxg4 16. hxg4 Nxg4+ 17. Kg1 Qh4 18. Rf3 Qh2+ 19. Kf1 Nde5 20. Bf4 Ne3+
21. Rxe3 Qxf4+ 22. Ke2 Ng4 23. Rf3 Qh2 24. Kd1 Rf6 25. Qe2 Rxf3 26. Bxf3 Qg1+
27. Qe1 Ne3+ 28. Kd2 1-0

[Event "Malaga op-13"]
[Site "Malaga"]
[Date "2010.02.21"]
[Round "2.40"]
[White "Acriz Ibanez, Salvador"]
[Black "Bolle, Leendert J.M"]
[Result "0-1"]
[WhiteElo "1537"]
[BlackElo "1948"]
[PlyCount "76"]
[EventDate "2010.02.20"]

1. Nf3 Nf6 2. d4 g6 3. Nc3 d5 4. e3 Bg7 5. Bd3 O-O 6. O-O Nbd7 7. e4 dxe4 8.
Nxe4 b6 9. c3 Bb7 10. Nxf6+ Nxf6 11. Bf4 a5 12. a4 e6 13. Be5 Rc8 14. Qe2 Ra8
15. Nd2 Qd7 16. Ne4 Nxe4 17. Bxg7 Kxg7 18. Bxe4 c6 19. f4 h5 20. Rf3 h4 21. Rh3
Rh8 22. Bf3 Raf8 23. Qf2 Qe7 24. Re1 Qf6 25. Qe3 Rc8 26. Qe5 Ba6 27. Qd6 Bd3
28. Be4 Bc4 29. Rf3 Rhd8 30. Qa3 c5 31. dxc5 Rxc5 32. b3 Bd5 33. c4 Qd4+ 34.
Rfe3 Bxe4 35. b4 axb4 36. Qxb4 Rxc4 37. Qe7 Rxa4 38. Qxh4 Ra2 0-1

[Event "Malaga op-13"]
[Site "Malaga"]
[Date "2010.02.21"]
[Round "3.3"]
[White "Quillan, Gary"]
[Black "Matamoros Franco, Carlos S"]
[Result "1/2-1/2"]
[WhiteElo "2364"]
[BlackElo "2545"]
[PlyCount "76"]
[EventDate "2010.02.20"]

1. e4 e5 2. Nf3 Nc6 3. Bb5 Nf6 4. O-O Nxe4 5. d4 Nd6 6. Bxc6 dxc6 7. dxe5 Nf5
8. Qxd8+ Kxd8 9. Rd1+ Ke8 10. Nc3 Ne7 11. h3 Ng6 12. b3 a5 13. a4 h6 14. Ne2
Be7 15. Ng3 h5 16. Re1 c5 17. Bd2 b6 18. Rad1 Nf8 19. Be3 Ne6 20. Ne4 Bb7 21.
Nfg5 Rd8 22. Nxe6 fxe6 23. Ng5 Bc8 24. Rxd8+ Bxd8 25. Rd1 Rf8 26. h4 Rf5 27. f4
Bxg5 28. hxg5 g6 29. g3 Rf7 30. Kf2 Bb7 31. Ke2 Be4 32. Rd2 Rd7 33. c4 Ke7 34.
Bf2 Bf5 35. Ke3 Bg4 36. Ke4 Ke8 37. Rxd7 Kxd7 38. Kd3 Bd1 1/2-1/2

[Event "Malaga op-13"]
[Site "Malaga"]
[Date "2010.02.21"]
[Round "3.4"]
[White "Strikovic, Aleksa"]
[Black "Rodriguez Lopez, Rafael"]
[Result "1-0"]
[WhiteElo "2531"]
[BlackElo "2314"]
[PlyCount "99"]
[EventDate "2010.02.20"]

1. e4 c6 2. Nc3 d5 3. Qf3 dxe4 4. Nxe4 Nd7 5. d4 Ndf6 6. Nxf6+ Nxf6 7. c3 Bg4
8. Qg3 e6 9. Nf3 Bd6 10. Ne5 O-O 11. Bd3 Bf5 12. Bxf5 exf5 13. O-O Ne4 14. Qh3
Bxe5 15. dxe5 g6 16. Be3 Qe7 17. Qh6 Rfe8 18. Rfe1 Nc5 19. Bg5 Qf8 20. Qxf8+
Kxf8 21. Rad1 Ne4 22. Bh6+ Kg8 23. f3 Nc5 24. Bg5 a5 25. Bf6 h5 26. b3 Ne6 27.
Kf2 a4 28. b4 b5 29. g4 fxg4 30. fxg4 hxg4 31. Re4 Ng7 32. Rd7 Nh5 33. Be7 f5
34. Red4 Rac8 35. R4d6 Nf4 36. Kg3 Nd5 37. Bg5 Rxe5 38. Rxg6+ Kh8 39. Rh6+ Kg8
40. Rhh7 Rce8 41. Rdg7+ Kf8 42. Bh6 f4+ 43. Kh4 Rh5+ 44. Kxh5 Nf6+ 45. Kg6 Nxh7
46. Rxh7+ Kg8 47. Rg7+ Kh8 48. Bxf4 Re6+ 49. Kf7 Re2 50. Rxg4 1-0

[Event "Malaga op-13"]
[Site "Malaga"]
[Date "2010.02.21"]
[Round "3.5"]
[White "Naranjo Moreno, Antonio"]
[Black "Ortiz Suarez, Isan Reynaldo"]
[Result "0-1"]
[WhiteElo "2290"]
[BlackElo "2527"]
[PlyCount "40"]
[EventDate "2010.02.20"]

1. e4 c5 2. Nf3 d6 3. d4 cxd4 4. Nxd4 Nf6 5. Nc3 a6 6. Bg5 Nbd7 7. Bd3 e6 8.
O-O Qc7 9. Kh1 Be7 10. f4 b5 11. Bxf6 Bxf6 12. Bxb5 Rb8 13. e5 dxe5 14. fxe5
Bxe5 15. Ba4 O-O 16. Nc6 Rxb2 17. Ne7+ Kh8 18. Ne4 Rb4 19. Ng5 Nf6 20. Be8 Qxe7
0-1

[Event "Malaga op-13"]
[Site "Malaga"]
[Date "2010.02.21"]
[Round "3.7"]
[White "Carlsson, Pontus"]
[Black "Claros Egea, Cristian"]
[Result "1-0"]
[WhiteElo "2476"]
[BlackElo "2271"]
[PlyCount "95"]
[EventDate "2010.02.20"]

1. e4 c5 2. Nf3 d6 3. d4 cxd4 4. Nxd4 Nf6 5. Nc3 a6 6. Bg5 e6 7. f4 Qb6 8. Qd3
Qxb2 9. Rb1 Qa3 10. f5 Nc6 11. fxe6 fxe6 12. Nxc6 bxc6 13. Be2 Be7 14. Bh5+
Nxh5 15. Bxe7 Nf4 16. Qd4 e5 17. Qxe5 dxe5 18. Bxa3 Nxg2+ 19. Kf2 Nf4 20. Na4
Bg4 21. Nb6 Rd8 22. Nc4 Ng6 23. Kg3 Bc8 24. Nd6+ Kd7 25. Nf7 Ke6 26. Nxd8+ Rxd8
27. Rhd1 Rd4 28. Rxd4 exd4 29. Rb8 Bd7 30. Bc5 Ke5 31. Rd8 Be6 32. a4 Kxe4 33.
Rxd4+ Kf5 34. Bd6 Bd5 35. c4 Be4 36. c5 Nh8 37. Rb4 g5 38. Rb6 h5 39. Rxa6 h4+
40. Kf2 Nf7 41. Ra7 Nh6 42. Re7 Ng4+ 43. Ke2 Bd5 44. Kd3 Nf2+ 45. Kd4 g4 46. a5
g3 47. hxg3 h3 48. g4+ 1-0

[Event "Malaga op-13"]
[Site "Malaga"]
[Date "2010.02.21"]
[Round "3.8"]
[White "Picazo Lopez, Juan Antonio"]
[Black "Colovic, Aleksander"]
[Result "0-1"]
[WhiteElo "2269"]
[BlackElo "2464"]
[PlyCount "60"]
[EventDate "2010.02.20"]

1. d4 Nf6 2. c4 e6 3. Nc3 Bb4 4. e3 b6 5. Bd3 Bb7 6. f3 c5 7. Nge2 cxd4 8. exd4
O-O 9. O-O d5 10. cxd5 Nxd5 11. Nxd5 Qxd5 12. Be4 Qd7 13. Be3 Nc6 14. Qa4 Bd6
15. Rac1 Rac8 16. Rfd1 f5 17. Bd3 a6 18. d5 exd5 19. Bxb6 Qe7 20. Ng3 Qg5 21.
Bf2 f4 22. Ne4 dxe4 23. Bxe4 Na5 {=} 24. Bxb7 Rxc1 25. Rxc1 Nxb7 26. Qb3+ Rf7
27. Rc8+ Bf8 28. Rc7 Nd8 29. Rd7 Qf6 30. Bd4 Qe6 0-1

[Event "Malaga op-13"]
[Site "Malaga"]
[Date "2010.02.21"]
[Round "3.9"]
[White "Berbatov, Kiprian"]
[Black "Jimenez Martinez, Jose Vicente"]
[Result "1-0"]
[WhiteElo "2455"]
[BlackElo "2241"]
[PlyCount "61"]
[EventDate "2010.02.20"]

1. e4 d6 2. d4 g6 3. Nc3 Bg7 4. Be3 a6 5. h4 h5 6. Qd2 Nd7 7. Nh3 b5 8. Ng5 e6
9. O-O-O Bb7 10. a4 c6 11. d5 exd5 12. exd5 c5 13. Bf4 Ne5 14. Nf3 Nxf3 15.
gxf3 Nf6 16. Re1+ Kf8 17. Bg5 b4 18. Ne4 Nxe4 19. Rxe4 Bf6 20. Bh3 Bc8 21. Bxc8
Rxc8 22. Rhe1 Kg7 23. Qf4 a5 24. Re7 Bxg5 25. hxg5 Rf8 26. Qf6+ Kg8 27. f4 Rc7
28. f5 Rxe7 29. Rxe7 Qa8 30. fxg6 Qxd5 31. gxf7+ 1-0

[Event "Malaga op-13"]
[Site "Malaga"]
[Date "2010.02.21"]
[Round "3.11"]
[White "Arribas Lopez, Angel"]
[Black "Aranaz Murillo, Amalia"]
[Result "1-0"]
[WhiteElo "2441"]
[BlackElo "2057"]
[PlyCount "47"]
[EventDate "2010.02.20"]

1. e4 c6 2. d4 d5 3. f3 dxe4 4. fxe4 e5 5. Nf3 Bg4 6. Bc4 Nd7 7. O-O Ngf6 8. c3
Bd6 9. Qe1 O-O 10. Nbd2 Qc7 11. Qh4 Bh5 12. dxe5 Nxe5 13. Nxe5 Bxe5 14. Rxf6
Bxf6 15. Qxh5 Rad8 16. Qe2 Bg5 17. Nf3 Bxc1 18. Rxc1 Kh8 19. Rf1 h6 20. Kh1 Rd7
21. e5 Re7 22. Bd3 Qd8 23. Nh4 Qd5 24. Ng6+ 1-0

[Event "Malaga op-13"]
[Site "Malaga"]
[Date "2010.02.21"]
[Round "3.12"]
[White "Fomani, Mehdi"]
[Black "Bellon Lopez, Juan Manuel"]
[Result "0-1"]
[WhiteElo "2029"]
[BlackElo "2440"]
[PlyCount "142"]
[EventDate "2010.02.20"]

1. d4 Nf6 2. Nf3 c5 3. c3 b6 4. g3 Bb7 5. Bg2 e6 6. O-O d6 7. Nbd2 Nbd7 8. Re1
Be7 9. e4 cxd4 10. cxd4 O-O 11. b3 Rc8 12. Bb2 d5 13. e5 Ng4 14. Rc1 Ba6 15.
Bf1 Bxf1 16. Nxf1 f5 17. h3 Nh6 18. Qd3 Nb8 19. Rxc8 Qxc8 20. Rc1 Qa6 21. Qxa6
Nxa6 22. a3 Nf7 23. Kg2 Nd8 24. Rc8 Nb7 25. Rxf8+ Kxf8 26. N3d2 Nc7 27. Ne3 Bg5
28. f4 Be7 29. Kf3 Nb5 30. Nc2 Ke8 31. a4 Nc7 32. Ba3 Bd8 33. g4 g6 34. g5 b5
35. Ke3 bxa4 36. bxa4 Na8 37. Bc5 Nb6 38. Bxb6 Bxb6 39. Nb3 Kd7 40. Kd3 Nd8 41.
a5 Bc7 42. Nb4 Nb7 43. a6 Nd8 44. Nc5+ Kc8 45. Kc2 Bb6 46. Nbd3 Kc7 47. Kb3 Ba5
48. Nb4 Bb6 49. Nbd3 Nc6 50. Nxe6+ Kd7 51. Nf8+ Ke7 52. Nxh7 Nxd4+ 53. Kb2 Nb5
54. Nf6 Nc7 55. h4 Be3 56. Kc2 Kf7 57. Kd1 d4 58. h5 gxh5 59. Nxh5 Ne6 60. Ng3
Kg6 61. Ne2 Kh5 62. Ke1 Kg4 63. Kf1 Kf3 64. g6 Ng7 65. Nc5 Bf2 66. e6 Ke3 67.
Nb3 d3 68. Ned4 Bg3 69. e7 d2 70. Nxf5+ Kxf4 71. Nxd2 Kxf5 0-1

[Event "Malaga op-13"]
[Site "Malaga"]
[Date "2010.02.21"]
[Round "3.13"]
[White "Fenollar Jorda, Manuel"]
[Black "Rodriguez Perez, Angel Mariano"]
[Result "1-0"]
[WhiteElo "2328"]
[BlackElo "2089"]
[PlyCount "93"]
[EventDate "2010.02.20"]

1. d4 g6 2. e4 Bg7 3. c4 d6 4. Nc3 Nf6 5. h3 c5 6. d5 O-O 7. Bg5 e6 8. Bd3 Qa5
9. Qd2 exd5 10. exd5 Re8+ 11. Nge2 Nbd7 12. f4 a6 13. O-O b5 14. f5 b4 15. Nd1
Ne4 16. Bxe4 Rxe4 17. f6 h6 18. fxg7 hxg5 19. Qxg5 Kxg7 20. Ng3 Re5 21. Nf5+
Rxf5 22. Rxf5 f6 23. Qg3 b3 24. a3 Ne5 25. Rf4 Qd2 26. Qe3 Qc2 27. Rc1 Qd3 28.
Qe1 g5 29. Rc3 Qxc3 30. Qxc3 gxf4 31. Qxb3 Bd7 32. Qb7 Rh8 33. Qxa6 f3 34. Qxd6
fxg2 35. Nf2 Rh5 36. Kxg2 Rg5+ 37. Kf1 Rf5 38. Ke2 Be8 39. Qe7+ Bf7 40. d6 Nc6
41. Qc7 Nd4+ 42. Kf1 Kg6 43. b3 Nxb3 44. d7 Bxc4+ 45. Kg1 Nd4 46. d8=Q Ne2+ 47.
Kg2 1-0

[Event "Malaga op-13"]
[Site "Malaga"]
[Date "2010.02.21"]
[Round "3.14"]
[White "Munoz Moreno, Francisco Javier"]
[Black "Marquez Bernal, Florencio"]
[Result "1-0"]
[WhiteElo "2295"]
[BlackElo "2003"]
[PlyCount "71"]
[EventDate "2010.02.20"]

1. d4 f5 2. g3 Nf6 3. Bg2 c6 4. c4 d6 5. Nc3 Qc7 6. d5 g6 7. Nh3 Bg7 8. Nf4 a5
9. h4 Ng4 10. h5 Qb6 11. O-O g5 12. Ne6 Bxe6 13. dxe6 h6 14. e4 Bd4 15. Qe2 O-O
16. exf5 Nxf2 17. Rxf2 Rxf5 18. Nd1 Rxf2 19. Nxf2 Na6 20. g4 Rf8 21. Bf3 Nb4
22. Bd2 Qc5 23. Rf1 d5 24. Bxb4 axb4 25. cxd5 cxd5 26. Kg2 Qd6 27. Nd3 Rf6 28.
Re1 Ba7 29. Qe5 Qc6 30. Qxd5 Qc2+ 31. Re2 Qd1 32. Nf2 Qc1 33. Qd8+ Rf8 34. Qd2
Qc5 35. Qc2 Rxf3 36. Qxc5 1-0

[Event "Malaga op-13"]
[Site "Malaga"]
[Date "2010.02.21"]
[Round "3.15"]
[White "Garcia Albarracin, Jose Antonio"]
[Black "Terron Elena, Francisco Miguel"]
[Result "0-1"]
[WhiteElo "2006"]
[BlackElo "2278"]
[PlyCount "62"]
[EventDate "2010.02.20"]

1. e4 e5 2. Nf3 Nc6 3. Bb5 Nf6 4. O-O Nxe4 5. Qe2 Nd6 6. Bxc6 dxc6 7. Qxe5+ Qe7
8. Qa5 Nc4 9. Qc3 Be6 10. d3 Nb6 11. Bg5 f6 12. Bh4 O-O-O 13. Re1 Qf7 14. Bg3
h5 15. h4 a6 16. a4 Nd5 17. Qd2 Bg4 18. Nd4 g6 19. c4 Nb4 20. Qc3 c5 21. Nf3
Rxd3 22. Ng5 Qd7 23. Qxf6 Bg7 24. Qxg6 Bxb2 25. Nf7 Bf5 26. Qg5 Qxf7 27. Re7
Qf6 28. Rxc7+ Kd8 29. Qf4 Rxg3 30. Rxb7 Be5 31. Qd2+ Rd3 0-1

[Event "Malaga op-13"]
[Site "Malaga"]
[Date "2010.02.21"]
[Round "3.16"]
[White "Corrales Ibanez, Pedro Luis"]
[Black "Spence, David J"]
[Result "0-1"]
[WhiteElo "2016"]
[BlackElo "2268"]
[PlyCount "62"]
[EventDate "2010.02.20"]

1. e4 e6 2. d4 d5 3. Nd2 Nf6 4. e5 Nfd7 5. Bd3 c5 6. c3 Nc6 7. Ne2 Qb6 8. Nf3
cxd4 9. cxd4 f6 10. exf6 Nxf6 11. b3 Bb4+ 12. Bd2 O-O 13. O-O Bd7 14. Bf4 Kh8
15. a3 Be7 16. b4 Nh5 17. Ne5 Be8 18. Be3 Bd6 19. f4 Nf6 20. Qd2 Ne7 21. g4 Bb5
22. Nc3 Bxd3 23. Qxd3 Qd8 24. h3 Rc8 25. Na4 Ne4 26. Nc5 Bxc5 27. bxc5 Nc6 28.
Rab1 Qh4 29. Bf2 Nxe5 30. Qxe4 Qxh3 31. Qg2 Nf3+ 0-1

[Event "Malaga op-13"]
[Site "Malaga"]
[Date "2010.02.21"]
[Round "3.17"]
[White "Serna Lara, Sergio"]
[Black "Ladron De Guevara Pinto, Paolo"]
[Result "1/2-1/2"]
[WhiteElo "2263"]
[BlackElo "2079"]
[PlyCount "95"]
[EventDate "2010.02.20"]

1. Nf3 e6 2. c4 f5 3. g3 Nf6 4. Bg2 d5 5. O-O c6 6. d3 Bd6 7. Nc3 O-O 8. e4 Bc7
9. e5 Nfd7 10. Qe2 Na6 11. cxd5 cxd5 12. d4 Nb4 13. Nb5 Bb8 14. Bd2 Nc6 15.
Rfc1 a6 16. Nc3 Ba7 17. Be3 Na5 18. Na4 Nc4 19. Bf4 b5 20. Nc5 Nxc5 21. dxc5
Qc7 22. b3 Na5 23. Bd2 Nc6 24. b4 Bd7 25. Bc3 Rfb8 26. Nd4 Nxd4 27. Bxd4 Bc6
28. f4 Kh8 29. g4 g6 30. Rab1 Rg8 31. Rb3 a5 32. a3 Bb8 33. Rg3 axb4 34. axb4
Qf7 35. Ra1 Rxa1+ 36. Bxa1 Qa7 37. Bc3 Bc7 38. Bf1 Bd8 39. Qg2 fxg4 40. Rxg4
Rf8 41. Bd4 Qa3 42. Qd2 Qf3 43. Be2 Qe4 44. Bd1 Be7 45. Bc2 Qf3 46. Bd1 Qe4 47.
Bc2 Qf3 48. Bd1 1/2-1/2

[Event "Malaga op-13"]
[Site "Malaga"]
[Date "2010.02.21"]
[Round "3.19"]
[White "Camacho Collados, Marcos"]
[Black "Lopez Guerrero, Jose Miguel"]
[Result "1-0"]
[WhiteElo "2284"]
[BlackElo "2001"]
[PlyCount "59"]
[EventDate "2010.02.20"]

1. e4 e5 2. Nf3 Nc6 3. Bb5 a6 4. Ba4 Nf6 5. d3 b5 6. Bb3 Be7 7. O-O O-O 8. Re1
d6 9. c3 Na5 10. Bc2 c5 11. Nbd2 Nh5 12. Nxe5 Nf4 13. Nef3 Bg5 14. Nf1 f5 15.
b4 Nc6 16. Ng3 fxe4 17. dxe4 Be6 18. Nf5 Bf6 19. Bd2 cxb4 20. cxb4 Ng6 21. Bb3
Bc4 22. Bxc4+ bxc4 23. Bg5 Nxb4 24. Bxf6 Rxf6 25. Qa4 a5 26. a3 Rb8 27. axb4
axb4 28. Qa7 Qf8 29. Ng5 Ne7 30. Nxe7+ 1-0

[Event "Malaga op-13"]
[Site "Malaga"]
[Date "2010.02.21"]
[Round "3.21"]
[White "Bolle, Leendert J.M"]
[Black "Cuenca Jimenez, Francisco Javie"]
[Result "1/2-1/2"]
[WhiteElo "1948"]
[BlackElo "2205"]
[PlyCount "51"]
[EventDate "2010.02.20"]

1. e4 d5 2. exd5 Nf6 3. d4 Bg4 4. Nf3 Qxd5 5. Be2 e6 6. c4 Bb4+ 7. Bd2 Bxd2+ 8.
Nbxd2 Qa5 9. O-O c6 10. h3 Bh5 11. Ne5 Bxe2 12. Qxe2 O-O 13. Ndf3 Nbd7 14. Rfd1
Rad8 15. b3 Qc7 16. b4 b6 17. a4 a6 18. Rac1 Qb7 19. b5 Nxe5 20. dxe5 Nd7 21.
Nd4 axb5 22. axb5 cxb5 23. cxb5 Nc5 24. Nc6 Ra8 25. Ra1 h6 26. Qc4 1/2-1/2

[Event "Malaga op-13"]
[Site "Malaga"]
[Date "2010.02.21"]
[Round "3.22"]
[White "Charleshouse, Glenn L"]
[Black "Jurado Vazquez, Jose Carlos"]
[Result "1-0"]
[WhiteElo "2203"]
[BlackElo "1956"]
[PlyCount "63"]
[EventDate "2010.02.20"]

1. e4 c5 2. Nf3 e6 3. d3 Nc6 4. g3 Nf6 5. Bg2 Be7 6. O-O O-O 7. Re1 d5 8. e5
Nd7 9. Nbd2 Qc7 10. Qe2 b5 11. Nf1 a5 12. h4 Nd4 13. Nxd4 cxd4 14. Bf4 Qc5 15.
Nh2 Ra6 16. Bh3 Rc6 17. Rec1 b4 18. Nf3 h6 19. Kh2 Bd8 20. a3 Bc7 21. axb4 axb4
22. Ra8 Nb6 23. Raa1 Nd7 24. Kg2 Qb6 25. b3 f6 26. Ra2 g5 27. hxg5 hxg5 28.
Bxg5 fxg5 29. Nxg5 Bd8 30. Qh5 Bxg5 31. Qg6+ Kh8 32. Bf5 1-0

[Event "Malaga op-13"]
[Site "Malaga"]
[Date "2010.02.21"]
[Round "3.23"]
[White "Brown, David"]
[Black "Lopez Gonzalez, Daniel"]
[Result "0-1"]
[WhiteElo "1918"]
[BlackElo "2202"]
[PlyCount "88"]
[EventDate "2010.02.20"]

1. e4 c5 2. Nf3 d6 3. Nc3 Nf6 4. d4 cxd4 5. Nxd4 a6 6. Be2 e5 7. Nb3 Be7 8. O-O
O-O 9. Be3 Be6 10. f4 Qc7 11. f5 Bc4 12. g4 h6 13. h4 d5 14. g5 hxg5 15. hxg5
Nxe4 16. Nxe4 dxe4 17. Bxc4 Qxc4 18. Qh5 Nc6 19. g6 fxg6 20. fxg6 Rf3 21. Rxf3
exf3 22. Rf1 Qh4 23. Qxh4 Bxh4 24. Rxf3 Ne7 25. Rf7 b5 26. Nc5 Nxg6 27. Rc7 Nf4
28. Bf2 Nh3+ 29. Kg2 Nxf2 30. Ne6 g5 31. Rg7+ Kh8 32. Rg6 Rc8 33. c3 Kh7 34.
Rg7+ Kh6 35. Ra7 Rc6 36. Nf8 Kh5 37. Nd7 Ng4 38. Kf3 e4+ 39. Ke2 Nf6 40. Ne5
Re6 41. Nf7 Kg4 42. Nh6+ Kh3 43. Nf5 Nd5 44. Nd4 Rf6 0-1